|
|
|
|
| LEADER |
00560nam a22001337a 4500 |
| 020 |
|
|
|a 8179660702
|
| 082 |
|
|
|a 808.84
|b GUI
|
| 245 |
|
|
|a Guiding lights:an anthology of prose
|
| 260 |
|
|
|a Chennai
|b Emerald
|c 2006
|
| 650 |
|
|
|a Essays-English
|
| 942 |
|
|
|c BK
|
| 999 |
|
|
|c 39035
|d 39035
|
| 952 |
|
|
|0 0
|1 0
|4 0
|6 808_840000000000000_GUI
|7 0
|8 Stack
|9 41439
|a KUCL
|b KUCL
|c Stack
|d 2016-04-08
|g 30.00
|l 0
|o 808.84 GUI
|p 40181
|r 2016-04-08
|w 2016-04-08
|y BK
|
| 952 |
|
|
|0 0
|1 0
|4 0
|6 808_840000000000000_GUI
|7 0
|8 Stack
|9 41440
|a KUCL
|b KUCL
|c Stack
|d 2016-04-08
|g 30.00
|l 0
|o 808.84 GUI
|p 40182
|r 2016-04-08
|w 2016-04-08
|y BK
|